Winter Transfers 23/24 Eredivisie - Statistics

General Stats
  • This quiz has been taken 23 times
  • The average score is 9 of 15
Answer Stats
From To Fee Nation Answer % Correct
Ettifaq Ajax FREE England Jordan Henderson
100%
Monaco Twente LOAN Netherlands Myron Boadu
78%
Rangers Utrecht LOAN Netherlands Sam Lammers
74%
Maccabi Haifa NEC LOAN Suriname Tjaronn Chery
65%
Dortmund Ajax 1M Netherlands Julian Rijkhoff
61%
Ajax Twente 1M Netherlands Anass Salah-Eddine
57%
AZ Vitesse LOAN Netherlands Mexx Meerdink
57%
AZ Excelsior LOAN Netherlands Kenzo Goudmijn
52%
Volendam AZ 500k Netherlands Lequincio Zeefuik
52%
Albirex Sparta ? Japan Shunsuke Mito
52%
Utrecht RKC FREE Netherlands Mats Seuntjens
48%
Sporting AZ LOAN Portugal Goncalo Esteves
43%
Partizan AZ 4M Serbia Kristijan Belic
43%
Hellas Verona Fortuna Sittard LOAN Netherlands Jayden Braaf
39%
Gladbach NEC LOAN Luxembourg Yvandro Borges Sanches
39%
No matching quizzes found
Score Distribution
Percent of People with Each Score
Percentile by Number Answered
Your Score History
You have not taken this quiz